000 00615nam a2200229Ia 4500
005 20240520102339.0
008 131103s9999 xx 000 0 und d
020 _a70529043
_cRs.375.00
040 _aLoreto College
041 _aEnglish
082 _a004.6
_bKEI
100 _aKeiser,Gerd
245 _aLocal area networks
_cGerd Keiser
250 _a2nd ed
260 _aNew Delhi
_bTata McGraw-Hill Publishing
_c2002
300 _axix,379p
504 _aIncludes bibliographical references and index
650 _aLocal area networks
651 _aComputer networkS
850 _aLCLIB
942 _cBK
999 _c36808
_d87287